<?xml version="1.0" encoding="UTF-8"?>
<record
    xmlns:xsi="http://www.w3.org/2001/XMLSchema-instance"
    xsi:schemaLocation="http://www.loc.gov/MARC21/slim http://www.loc.gov/standards/marcxml/schema/MARC21slim.xsd"
    xmlns="http://www.loc.gov/MARC21/slim">

  <leader>01285nam2a2200253 i 4500</leader>
  <controlfield tag="001">RU\NLR\BIBL_A\010704380</controlfield>
  <controlfield tag="005">20240728143846.0</controlfield>
  <datafield tag="010" ind1=" " ind2=" ">
    <subfield code="a">9785858799665</subfield>
    <subfield code="9">200</subfield>
  </datafield>
  <datafield tag="021" ind1=" " ind2=" ">
    <subfield code="a">RU</subfield>
    <subfield code="b">2015-5855</subfield>
    <subfield code="9">368</subfield>
  </datafield>
  <datafield tag="035" ind1=" " ind2=" ">
    <subfield code="a">(NLR Aleph) 010704380</subfield>
  </datafield>
  <datafield tag="090" ind1=" " ind2=" ">
    <subfield code="a">9735640</subfield>
    <subfield code="c">9735640</subfield>
  </datafield>
  <datafield tag="100" ind1=" " ind2=" ">
    <subfield code="a">20130121d2014    u  y0rusy50      ca</subfield>
  </datafield>
  <datafield tag="101" ind1="0" ind2=" ">
    <subfield code="a">rus</subfield>
  </datafield>
  <datafield tag="102" ind1=" " ind2=" ">
    <subfield code="a">RU</subfield>
  </datafield>
  <datafield tag="105" ind1=" " ind2=" ">
    <subfield code="a">ac  z|||000zy</subfield>
  </datafield>
  <datafield tag="200" ind1="1" ind2=" ">
    <subfield code="a">&#x41F;&#x43B;&#x435;&#x441;&#x435;&#x446;&#x43A;&#x438;&#x439; &#x440;&#x430;&#x439;&#x43E;&#x43D; &#x410;&#x440;&#x445;&#x430;&#x43D;&#x433;&#x435;&#x43B;&#x44C;&#x441;&#x43A;&#x43E;&#x439; &#x43E;&#x431;&#x43B;&#x430;&#x441;&#x442;&#x438; &#x432; 1980-1991 &#x433;&#x433;.</subfield>
  </datafield>
  <datafield tag="210" ind1=" " ind2=" ">
    <subfield code="d">2014</subfield>
  </datafield>
  <datafield tag="215" ind1=" " ind2=" ">
    <subfield code="a">133, [2] &#x441;., [16] &#x43B;. &#x438;&#x43B;.</subfield>
    <subfield code="c">&#x43F;&#x43E;&#x440;&#x442;&#x440;.</subfield>
  </datafield>
  <datafield tag="320" ind1=" " ind2=" ">
    <subfield code="a">&#x411;&#x438;&#x431;&#x43B;&#x438;&#x43E;&#x433;&#x440;.: &#x441;. 122-134 (491 &#x43D;&#x430;&#x437;&#x432;.)</subfield>
  </datafield>
  <datafield tag="461" ind1=" " ind2="0">
    <subfield code="1">001RU\NLR\BIBL_A\010711888</subfield>
    <subfield code="1">2000#$a&#x418;&#x441;&#x442;&#x43E;&#x440;&#x438;&#x44F; &#x437;&#x435;&#x43C;&#x43B;&#x438; &#x41F;&#x43B;&#x435;&#x441;&#x435;&#x446;&#x43A;&#x43E;&#x439;$f&#x41D;.&#x410;. &#x41C;&#x430;&#x43A;&#x430;&#x440;&#x43E;&#x432;$v&#x41A;&#x43D;. 2</subfield>
    <subfield code="1">700#1$3RU\NLR\AUTH\7742837$a&#x41C;&#x430;&#x43A;&#x430;&#x440;&#x43E;&#x432;$b&#x41D;. &#x410;.$c&#x43A;&#x430;&#x43D;&#x434;. &#x438;&#x441;&#x442;. &#x43D;&#x430;&#x443;&#x43A;, &#x438;&#x441;&#x442;&#x43E;&#x440;&#x438;&#x43A;-&#x430;&#x440;&#x445;&#x438;&#x432;&#x438;&#x441;&#x442;, &#x43A;&#x440;&#x430;&#x435;&#x432;&#x435;&#x434;$f1952-2013$g&#x41D;&#x438;&#x43A;&#x43E;&#x43B;&#x430;&#x439; &#x410;&#x43B;&#x435;&#x43A;&#x441;&#x430;&#x43D;&#x434;&#x440;&#x43E;&#x432;&#x438;&#x447;$4070</subfield>
    <subfield code="9">9775949</subfield>
    <subfield code="a">&#x41C;&#x430;&#x43A;&#x430;&#x440;&#x43E;&#x432;, &#x41D;. &#x410;. (&#x43A;&#x430;&#x43D;&#x434;. &#x438;&#x441;&#x442;. &#x43D;&#x430;&#x443;&#x43A;, &#x438;&#x441;&#x442;&#x43E;&#x440;&#x438;&#x43A;-&#x430;&#x440;&#x445;&#x438;&#x432;&#x438;&#x441;&#x442;, &#x43A;&#x440;&#x430;&#x435;&#x432;&#x435;&#x434; ; 1952-2013)</subfield>
    <subfield code="c">&#x410;&#x440;&#x445;&#x430;&#x43D;&#x433;&#x435;&#x43B;&#x44C;&#x441;&#x43A;</subfield>
    <subfield code="d">2014</subfield>
    <subfield code="f">&#x41D;.&#x410;. &#x41C;&#x430;&#x43A;&#x430;&#x440;&#x43E;&#x432;</subfield>
    <subfield code="n">&#x41F;&#x440;&#x430;&#x432;&#x434;&#x430; &#x421;&#x435;&#x432;&#x435;&#x440;&#x430;</subfield>
    <subfield code="t">&#x418;&#x441;&#x442;&#x43E;&#x440;&#x438;&#x44F; &#x437;&#x435;&#x43C;&#x43B;&#x438; &#x41F;&#x43B;&#x435;&#x441;&#x435;&#x446;&#x43A;&#x43E;&#x439;</subfield>
    <subfield code="v">&#x41A;&#x43D;. 2</subfield>
  </datafield>
  <datafield tag="942" ind1=" " ind2=" ">
    <subfield code="c">BOOK</subfield>
  </datafield>
  <datafield tag="980" ind1=" " ind2=" ">
    <subfield code="a">NBR</subfield>
  </datafield>
</record>
